Obtención de biomasa concentrada de microalgas marinas para su utilización como alimento larvario de especies marinas

Enregistré dans:
Détails bibliographiques
Auteurs principaux: Lubián Chaichío, Luis María (autor), Cañavete Hors, José Pedro (Auteur)
Format: Livre
Langue:espagnol
Publié: Sevilla Junta de Andalucía 2001
Sujets:
Tags: Ajouter un tag
Pas de tags, Soyez le premier à ajouter un tag!

MARC

LEADER 00000nam a2200000 a 4500
001 UCG7032
003 CL-VaPUC
008 110617e20010000SP |||||||||||||||||spa|d
082 0 4 |a 639.89  |b LUB  |2 21 
100 |a Lubián Chaichío, Luis María  |e autor  |9 557556 
700 0 |a Cañavete Hors, José Pedro  |e author  |9 557557 
245 1 0 |a Obtención de biomasa concentrada de microalgas marinas para su utilización como alimento larvario de especies marinas 
300 |a 49 p 
942 |c BK 
945 |d 20110617 00:00:00  |a dcastane 
260 |a Sevilla  |b Junta de Andalucía  |c 2001 
650 7 |a MICROALGAS  |2 CL-VaPUC  |9 350422 
650 0 |a Acuicultura  |9 258883 
650 0 |a Algicultura (Cultivo de algas)  |9 407638 
650 7 |a SISTEMA DE CULTIVO  |2 CL-VaPUC  |9 530773 
583 |a last modification  |c 20110617 00:00:00  |k Rodrigo Vera 
999 |c 345127  |d 345125 
952 |0 0  |1 0  |4 0  |6 639_890000000000000_LUB_2001  |7 0  |8 CCM  |9 443594  |a BIBCUR  |b BIBCUR  |d 2019-11-22  |i 4782402  |o 639.89 LUB 2001  |p 4782402  |r 2025-04-22  |w 2019-11-22  |y BK  |k CIM